Estadísticas para Nombres romanos de ciudades españolas

Haz click aquí para intentar la prueba.

Estadísticas generales

  • Esta prueba ha sido intentada 154 veces
  • La puntuación promedio es 19 de 30

Estadísticas de respuestas

Nombre romanoNombre actual% Correcto
CordubaCórdoba
98%
TarracoTarragona
96%
ToletumToledo
96%
ValentiaValencia
96%
BarcinoBarcelona
94%
Carthago NovaCartagena
90%
MalacaMálaga
86%
SalmanticaSalamanca
86%
GerundaGirona
85%
IlerdaLleida
85%
SaguntumSagunto
81%
HispalisSevilla
80%
Emerita AugustaMérida
74%
PallantiaPalencia
69%
PompaeloPamplona
69%
GadesCádiz
65%
CalagurrisCalahorra
64%
CaesaraugustaZaragoza
63%
OnubaHuelva
61%
OscaHuesca
55%
Lucus AugustiLugo
55%
LegioLeón
53%
ComplutumAlcalá de Henares
44%
IlliciElche
42%
Asturica AugustaAstorga
30%
EbususIbiza
28%
LucentumAlicante
22%
BilbilisCalatayud
19%
SegontiaSigüenza
9%
FlaviobrigaCastro-Urdiales
8%

Distribución de puntuación

Porcentaje por número respondido

Porcentaje de gente con cada puntuación

Historial de tus puntuaciones

No has intentado esta prueba.